Company Law / (Record no. 204340)

MARC details
000 -LEADER
fixed length control field 00802nam a22002897a 4500
003 - CONTROL NUMBER IDENTIFIER
control field dpl
005 - DATE AND TIME OF LATEST TRANSACTION
control field 20240724114130.0
008 - FIXED-LENGTH DATA ELEMENTS--GENERAL INFORMATION
fixed length control field 240305b |||||||| |||| 00| 0 eng d
010 ## - LIBRARY OF CONGRESS CONTROL NUMBER
LC control number ENG-140953
020 ## - INTERNATIONAL STANDARD BOOK NUMBER
Terms of availability 87.00
035 ## - SYSTEM CONTROL NUMBER
System control number EN-124485
035 ## - SYSTEM CONTROL NUMBER
System control number EN-12448
035 ## - SYSTEM CONTROL NUMBER
System control number EN-124485
037 ## - SOURCE OF ACQUISITION
Source of stock number/acquisition DBAD
040 ## - CATALOGING SOURCE
Transcribing agency .
082 ## - DEWEY DECIMAL CLASSIFICATION NUMBER
Classification number 658.102654
100 ## - MAIN ENTRY--PERSONAL NAME
Personal name ZAD N.S AND CS BAJPAI DIVYA
9 (RLIN) 62808
245 ## - TITLE STATEMENT
Title Company Law /
Statement of responsibility, etc CS N.S ZAD AND CS DIVYA BAJPAI
260 ## - PUBLICATION, DISTRIBUTION, ETC. (IMPRINT)
Place of publication, distribution, etc NEW DELHI
Name of publisher, distributor, etc Taxmann Publications
Date of publication, distribution, etc 2022
270 ## - ADDRESS
Address 21/35 , west punjabi bagh
City New Delhi
300 ## - PHYSICAL DESCRIPTION
Extent 272.Pages
Dimensions 23cm,(hb)
700 ## - ADDED ENTRY--PERSONAL NAME
9 (RLIN) 62809
700 ## - ADDED ENTRY--PERSONAL NAME
9 (RLIN) 62810
700 ## - ADDED ENTRY--PERSONAL NAME
Personal name Sanjeev Kumar
9 (RLIN) 62811
Relator term Author
700 ## - ADDED ENTRY--PERSONAL NAME
Personal name Jagdish Saini
9 (RLIN) 62818
942 ## - ADDED ENTRY ELEMENTS (KOHA)
Source of classification or shelving scheme Dewey Decimal Classification
Koha item type English Books
Classification part 362.104257
Call number suffix abhj

No items available.


© Delhi Public Library
Hit Counter
free hit counter